Largest Country With A Smaller Population Than... - Statistics

General Stats
  • This quiz has been taken 437 times
  • The average score is 11 of 17
Answer Stats
Continent Population Country % Correct
N. America 39,742,430 Canada
100%
Oceania 26,713,205 Australia
98%
Asia 20,592,571 Kazakhstan
89%
Africa 7,381,023 Libya
80%
Asia 3,475,540 Mongolia
76%
S. America 831,087 Guyana
66%
S. America 634,431 Suriname
66%
Africa 3,030,131 Namibia
62%
Europe 882 Vatican City
55%
Europe 393,396 Iceland
53%
Oceania 327,778 Vanuatu
52%
Oceania 9,646 Tuvalu
51%
Oceania 17,696 Palau
50%
Oceania 134,518 Kiribati
49%
Oceania 218,020 Samoa
49%
Africa 2,521,139 Botswana
47%
N. America 66,205 Dominica
45%
No matching quizzes found
Score Distribution
Percent of People with Each Score
Percentile by Number Answered
Your Score History
You have not taken this quiz